000
00308nam a2200121Ia 4500
008
220204s9999 xx 000 0 und d
082
_a
678.049:62
_b
SEA
100
_a
Darby, Joseph R
245
0
_a
Technology of plasticizers
260
_a
New York
_b
John wiley
_c
1982
700
_a
Sears, J Kern
942
_c
BK
999
_c
37075
_d
37075